Statystyki dla Fińskie regiony

Kliknij tutaj aby rozwiązać quiz!

Ogólne statystyki

  • Ten quiz został rozwiązany 10 razy
  • Średni wynik to 10 z 19

Statystyki odpowiedzi

Region% Poprawnych
Laponia
90%
Karelia Północna
70%
Ostrobotnia
70%
Finlandia Środkowa
60%
Finlandia Właściwa
60%
Ostrobotnia Południowa
60%
Sawonia Południowa
60%
Uusimaa
60%
Kainuu
50%
Karelia Południowa
50%
Ostrobotnia Północna
50%
Sawonia Północna
50%
Ostrobotnia Środkowa
40%
Pirkanmaa
40%
Satakunta
40%
Wyspy Alandzkie
40%
Päijät-Häme
30%
Kymenlaakso
30%
Kanta-Häme
20%

Rozkład punktacji

Percentyl według liczby udzielonych odpowiedzi

Procent ludzi z każdym wynikiem

Twoja historia wyników

Nie rozwiązałeś tego quizu